<?xml version="1.0" encoding="UTF-8"?>
<collection xmlns="http://www.loc.gov/MARC21/slim">
    <record>
        <controlfield tag="001">98147</controlfield>
        <controlfield tag="005">20210118122905.0</controlfield>
        <datafield tag="037" ind1=" " ind2=" ">
            <subfield code="a">TAZ-TFG-2020-1974</subfield>
        </datafield>
        <datafield tag="041" ind1=" " ind2=" ">
            <subfield code="a">eng</subfield>
        </datafield>
        <datafield tag="100" ind1="1" ind2=" ">
            <subfield code="a">Malo Núñez, Sara</subfield>
        </datafield>
        <datafield tag="242" ind1="0" ind2="0">
            <subfield code="a">Superconducting sensors for X-ray applications</subfield>
        </datafield>
        <datafield tag="245" ind1="0" ind2="0">
            <subfield code="a">Sensores superconductores para la aplicación en rayos X</subfield>
        </datafield>
        <datafield tag="260" ind1=" " ind2=" ">
            <subfield code="a">Zaragoza</subfield>
            <subfield code="b">Universidad de Zaragoza</subfield>
            <subfield code="c">2020</subfield>
        </datafield>
        <datafield tag="506" ind1=" " ind2=" ">
            <subfield code="a">by-nc-sa</subfield>
            <subfield code="b">Creative Commons</subfield>
            <subfield code="c">3.0</subfield>
            <subfield code="u">http://creativecommons.org/licenses/by-nc-sa/3.0/</subfield>
        </datafield>
        <datafield tag="520" ind1=" " ind2=" ">
            <subfield code="a">Los sensores de transición superconductora (TES) se emplean como termómetros de alta sensibilidad en experimentos que requieren una alta resolución energética. La misión espacial Athena, en colaboración con la Agencia Espacial Europea (ESA), lanzará un telescopio de rayos X que incorpora estos sensores al espacio para estudiar el universo energético y caliente. Para optimizar la respuesta de estos sensores es necesario utilizar una fuente de rayos X de baja energía. En particular, este trabajo se centra en evaluar una implementación preliminar de un sistema de adquisición de rayos X con una fuente de 55Fe. El objetivo de este estudio es identificar posibles mejoras que puedan realizarse en sistema de adquisición con vistas al futuro. El estudio ayudará al grupo Q-MAD (Quantum Materials and Devices) del ICMA (CSIC-UZ) a comprender algunas cuestiones todavía sin resolver sobre estos sensores y el sistema de adquisición, destacando la degradación del espectro de energía.&lt;br />&lt;br /></subfield>
        </datafield>
        <datafield tag="521" ind1=" " ind2=" ">
            <subfield code="a">Graduado en Física</subfield>
        </datafield>
        <datafield tag="540" ind1=" " ind2=" ">
            <subfield code="a">Derechos regulados por licencia Creative Commons</subfield>
        </datafield>
        <datafield tag="700" ind1=" " ind2=" ">
            <subfield code="a">Pobes Aranda, Carlos</subfield>
            <subfield code="e">dir.</subfield>
        </datafield>
        <datafield tag="700" ind1=" " ind2=" ">
            <subfield code="a">Camón Lasheras, Agustín</subfield>
            <subfield code="e">dir.</subfield>
        </datafield>
        <datafield tag="710" ind1="2" ind2=" ">
            <subfield code="a">Universidad de Zaragoza</subfield>
            <subfield code="b">Física de la Materia Condensada</subfield>
            <subfield code="c">Física de la Materia Condensada</subfield>
        </datafield>
        <datafield tag="856" ind1="0" ind2=" ">
            <subfield code="f">736483@unizar.es</subfield>
        </datafield>
        <datafield tag="856" ind1="4" ind2=" ">
            <subfield code="s">1083247</subfield>
            <subfield code="u">http://zaguan.unizar.es/record/98147/files/TAZ-TFG-2020-1974.pdf</subfield>
            <subfield code="y">Memoria (eng)</subfield>
        </datafield>
        <datafield tag="909" ind1="C" ind2="O">
            <subfield code="o">oai:zaguan.unizar.es:98147</subfield>
            <subfield code="p">driver</subfield>
            <subfield code="p">trabajos-fin-grado</subfield>
        </datafield>
        <datafield tag="950" ind1=" " ind2=" ">
            <subfield code="a"></subfield>
        </datafield>
        <datafield tag="951" ind1=" " ind2=" ">
            <subfield code="a">deposita:2021-01-18</subfield>
        </datafield>
        <datafield tag="980" ind1=" " ind2=" ">
            <subfield code="a">TAZ</subfield>
            <subfield code="b">TFG</subfield>
            <subfield code="c">CIEN</subfield>
        </datafield>
        <datafield tag="999" ind1=" " ind2=" ">
            <subfield code="a">20200625115841.CREATION_DATE</subfield>
        </datafield>
    </record>

    
</collection>